ਸਮਕਾਲੀ ਪੰਜਾਬੀ ਕਵਿਤਾ : (Record no. 110427)

MARC details
000 -LEADER
fixed length control field 01218nam a22002657a 4500
005 - DATE AND TIME OF LATEST TRANSACTION
control field 20170123164152.0
010 ## - LIBRARY OF CONGRESS CONTROL NUMBER
LC control number A-770813
020 ## - INTERNATIONAL STANDARD BOOK NUMBER
Terms of availability 15.00
International Standard Book Number 8172013280
035 ## - SYSTEM CONTROL NUMBER
System control number A-770813
037 ## - SOURCE OF ACQUISITION
Stock number Cen Lib / Ret
040 ## - CATALOGING SOURCE
Original cataloging agency DPL
Language of cataloging PN
082 ## - DEWEY DECIMAL CLASSIFICATION NUMBER
Classification number 851
Item number ਪ੍ਰਭਜੋ
100 ## - MAIN ENTRY--PERSONAL NAME
Personal name ਪ੍ਰਭਜੋਤ ਕਰ
9 (RLIN) 127097
245 ## - TITLE STATEMENT
Title ਸਮਕਾਲੀ ਪੰਜਾਬੀ ਕਵਿਤਾ :
Statement of responsibility, etc ਪ੍ਰਭਜੋਤ ਕਰ ; ਜਸਬੀਰ ਸਿੰਘ
Remainder of title ਪੰਜਾਬੀ ਕਵਿਤਾਵਾਂ /
246 ## - VARYING FORM OF TITLE
Title proper/short title Samkali punjabi kavita : an anthology of contemporary punjabi poetry
Remainder of title compiled by Prabhjot Kaur and Jasbir Singh
260 ## - PUBLICATION, DISTRIBUTION, ETC. (IMPRINT)
Place of publication, distribution, etc ਨੇਵੀ ਦਿੱਲੀ
Name of publisher, distributor, etc ਸਾਹਿਤ੍ਯ ਅਕਾਦਮੀ
Date of publication, distribution, etc 1992
270 ## - ADDRESS
Address ਸਾਹਿਤ੍ਯ ਅਕਾਦਮੀ
City ਨੇਵੀ ਦਿੱਲੀ
300 ## - PHYSICAL DESCRIPTION
Extent 156p.
Dimensions 22cm(Hb)
650 ## - SUBJECT ADDED ENTRY--TOPICAL TERM
Topical term or geographic name as entry element ਪੰਜਾਬੀ ਸਾਹਿਤ
9 (RLIN) 127098
650 ## - SUBJECT ADDED ENTRY--TOPICAL TERM
Topical term or geographic name as entry element ਪੰਜਾਬੀ ਕਵਿਤਾਵਾਂ
9 (RLIN) 127099
650 ## - SUBJECT ADDED ENTRY--TOPICAL TERM
Topical term or geographic name as entry element Punjabi - Poetry
9 (RLIN) 127100
650 ## - SUBJECT ADDED ENTRY--TOPICAL TERM
Topical term or geographic name as entry element Literature -- Punjabi
9 (RLIN) 127101
700 ## - ADDED ENTRY--PERSONAL NAME
Personal name ਅਾਹਲੂਵਾਲਿਆ, ਜਸਬੀਰ ਸਿੰਘ
9 (RLIN) 46993
942 ## - ADDED ENTRY ELEMENTS (KOHA)
Source of classification or shelving scheme Dewey Decimal Classification
Koha item type Punjabi Bks
Classification part 851
Call number suffix ਪ੍ਰਭਜੋ
Holdings
Withdrawn status Lost status Damaged status Not for loan Home library Current library Date acquired Source of acquisition Cost, normal purchase price Total Checkouts Full call number Barcode Date last seen Copy number Cost, replacement price Price effective from Koha item type
        Central Library Central Library 21/01/2016 Cen Lib/Ret 15.00   851 ਪ੍ਰਭਜੋ A-770813 21/01/2016 1 15.00 21/01/2016 Punjabi Bks

© Delhi Public Library
Hit Counter
free hit counter